000 00390nam a2200133Ia 4500
008 100328s9999 xx 000 0 und d
082 _b30742
100 _aवरेरकर भार्गवराम विठ्ठल
245 _aसंजीवनी
260 _bपॉप्युलर
630 _aसंजीवनी
730 _aसंजीवनी
942 _cBOOK
999 _c521707
_d521704